| 000 | 00971nam a2200265Ia 4500 | ||
|---|---|---|---|
| 003 | OSt | ||
| 005 | 20220923225224.0 | ||
| 006 | a|||||r|||| 00| 0 | ||
| 007 | ta | ||
| 008 | 220922b |||||||| |||| 00| 0 pan d | ||
| 020 | _c115 | ||
| 024 | _a260,601 | ||
| 037 |
_b545, 02/12/2011, H.K. Prakashan _cTextual |
||
| 040 |
_aARTS _cARTS _bpan |
||
| 041 |
_2pan _apan |
||
| 082 | _aT:3(P153).281, 153Q0 | ||
| 100 |
_aਗੁਰਚਨ ਸਿੰਘ, ਅਰFੀ, ਥਦ. _9168516 |
||
| 245 | 0 |
_aਦਿੱਲੀ ਵਿਚ ਪੰਜਾਬੀ ਭਾFਾ ਅਧਿਆਪਨ _b ਦFਾ ਤੇ ਦਿFਾ |
|
| 260 |
_aਦਿੱਲੀ _b ਪੰਜਾਬੀ ਅਕਾਦਮੀ _c2010 |
||
| 300 |
_a141ਪੰ _ccm. |
||
| 650 |
_a ਸਿੱਖਿਆ _9156320 |
||
| 650 |
_aਸਿੱਖਿਆ _9156320 |
||
| 942 |
_hT:3(P153).281, 153Q0 _cTEXL _2CC |
||
| 999 |
_c376802 _d376802 |
||